| 000 | 00897ngm a22003130a 4500 | ||
|---|---|---|---|
| 001 | PT10506 | ||
| 003 | AR-LpoUNG | ||
| 005 | 20210201232254.0 | ||
| 007 | co ||u|||uuuuu | ||
| 008 | 191001s1997||||xxu|||||||||||||||||eng d | ||
| 040 |
_aAR-LpoUNG _bspa _cAR-LpoUNG _eaacr |
||
| 041 | _aeng | ||
| 044 | _axxu | ||
| 082 | 0 | _a003 254gis | |
| 245 | 1 | 0 |
_aGIS for schools and libraries : _bversion 5.1 |
| 260 |
_aCalifornia : _bEnvironmental Systems Research Institute, _c1997. |
||
| 505 | 0 | _aAcompaƱa al impreso | |
| 650 | 4 | _aCARTOGRAFIA | |
| 650 | 4 | _aCIENCIAS DE LA INFORMACION | |
| 650 | 4 | _aGEOGRAFIA | |
| 650 | 4 | _aINFORMATICA | |
| 650 | 4 | _aMAPAS | |
| 650 | 4 | _aPLANIFICACION TERRITORIAL | |
| 650 | 4 | _aPROGRAMAS DE COMPUTADORA | |
| 651 | 4 | _aDOCUMENTOS TEORICOS O METODOLOGICOS | |
| 710 | 2 | _aEnvironmental Systems Research Institute (California) | |
| 905 | _a10506 | ||
| 942 | _cCDDVD | ||
| 999 |
_c53209 _d53209 |
||